Calculus for business, economics, and the social and life sciences. (Record no. 11832)

000 -LEADER
fixed length control field 00528cam a2200181 a 4500
020 ## - INTERNATIONAL STANDARD BOOK NUMBER
ISBN 0070293724
040 ## - CATALOGING SOURCE
Transcribing agency DLC
082 00 - DEWEY DECIMAL CLASSIFICATION NUMBER
Classification number 515 HIL 1996 A032 Or.
100 1# - MAIN ENTRY--AUTHOR NAME
Personal name Hoffmann, Laurence D.,
245 10 - TITLE STATEMENT
Title Calculus for business, economics, and the social and life sciences.
250 ## - EDITION STATEMENT
Edition statement 6th ed. /
260 ## - PUBLICATION, DISTRIBUTION, ETC. (IMPRINT)
Place of publication Boston, Mass. ;
-- New York :
Name of publisher McGraw-Hill,
Year of publication c1996.
300 ## - PHYSICAL DESCRIPTION
Number of Pages xviii, 844 p. :
Other physical details ill. (some col.) ;
Dimensions 25 cm.
500 ## - GENERAL NOTE
General note Includes index.
650 #0 - SUBJECT ADDED ENTRY--TOPICAL TERM
Topical Term Calculus.
700 1# - ADDED ENTRY--PERSONAL NAME
Personal name Bradley, Gerald L.,
942 ## - ADDED ENTRY ELEMENTS (KOHA)
Koha item type សៀវភៅភាសាអង់គ្លេស
952 ## - LOCATION AND ITEM INFORMATION (KOHA)
Withdrawn status [LOCAL, KOHA] 0
Holdings
Permanent Location Date acquired Koha item type Lost status Shelving location Barcode Current Location Full call number
Library Block A2017-08-07សៀវភៅភាសាអង់គ្លេស A032A17153Library Block A515 HIL 1996 A032 Or.
មជ្ឈមណ្ឌលឯការនៃសាកលវិទ្យាល័យភូមិន្ទកសិកម្មចំការដូង

Powered by Koha